Tratado de ginecología / (Record no. 109959)

MARC details
000 -LEADER
campo de control de longitud fija 00722nam a2200193 4500
001 - NÚMERO DE CONTROL
campo de control 109959
003 - IDENTIFICADOR DE NÚMERO DE CONTROL
campo de control ES-MaACL
005 - FECHA Y HORA DE LA ÚLTIMA TRANSACCIÓN
campo de control 20230906184941.0
007 - CAMPO FIJO DE DESCRIPCIÓN FÍSICA--INFORMACIÓN GENERAL
campo de control de longitud fija t|
008 - DATOS DE LONGITUD FIJA--INFORMACIÓN GENERAL
campo de control de longitud fija 061121s1928 sp r ||||1| spa d
100 1# - ENTRADA PRINCIPAL--NOMBRE DE PERSONA
Nombre de persona Opitz, E.
9 (RLIN) 87124
245 10 - MENCIÓN DEL TÍTULO
Título Tratado de ginecología /
Mención de responsabilidad, etc. escrito bajo la dirección del prof. Dr. E, Opitz ; traducido por M. Montaner de la Poza y M. Montaner Toutain ; con un prólodo del Excmo. Sr. D. Sebatián Ruaseus Grial.
260 ## - PUBLICACIÓN, DISTRIBUCIÓN, ETC.
Lugar de publicación, distribución, etc. Barcelona :
Nombre del editor, distribuidor, etc. [s.n.],
Fecha de publicación, distribución, etc. 1928 (
Fabricante Imp. Moderna)
300 ## - DESCRIPCIÓN FÍSICA
Extensión 2 v. :
Otras características físicas il ;
Dimensiones 25 cm.
700 1# - ENTRADA AGREGADA--NOMBRE PERSONAL
Nombre de persona Montaner de la Poza, M.
9 (RLIN) 82378
700 1# - ENTRADA AGREGADA--NOMBRE PERSONAL
Nombre de persona Montaner Toutain, M.
9 (RLIN) 82382
700 1# - ENTRADA AGREGADA--NOMBRE PERSONAL
Nombre de persona Ruaseus Grial, Sebastián.
9 (RLIN) 100277
852 ## - LOCALIZACIÓN
Ubicación ES-MaACL
Número de control de estantería E-1291-92
Holdings
Estatus retirado Estado de pérdida Estado de daño No para préstamo Biblioteca de origen Biblioteca actual Ubicación en estantería Fecha de adquisición Fuente de adquisición Total de préstamos Signatura topográfica completa Código de barras Visto por última vez Precio de reemplazo Tipo de ítem Koha
        Biblioteca del Ateneo de Madrid Biblioteca del Ateneo de Madrid Depósito 2 17/01/2008     E-1291-92 1114727 23/02/2023 23/02/2023 Libro impreso